| 000 | 00919nam a2200289 a 4500 | ||
|---|---|---|---|
| 001 | 2839782 | ||
| 003 | NUST - PNEC | ||
| 005 | 20170116181131.0 | ||
| 008 | 831025s1981 pk c b 101 0 eng | ||
| 010 | _a 83930287 | ||
| 020 | _cRs100.00 | ||
| 040 |
_aDLC _cLIBRARY _dDLC |
||
| 043 | _aa-pk--- | ||
| 050 | 0 | 0 |
_aDS385.J5 _bQ345 1981 |
| 082 | 0 | 0 |
_a954.90420924 HAS _219 |
| 100 |
_913962 _aHasan, Khalid Shamsul |
||
| 245 | 0 | 0 |
_aQuaid-i-Azam and Pakistan / _cHasan, Khalid Shamsul |
| 260 |
_aIslamabad : _bQuaid-i-Azam University, _c1981. |
||
| 300 |
_a296 p. : _bports. ; _c28 cm. |
||
| 504 | _aIncludes bibliographical references and index. | ||
| 600 | 1 | 0 |
_aJinnah, Mahomed Ali, _d1876-1948 _xCongresses. |
| 650 | 0 |
_aPakistan movement _xGeneral book |
|
| 700 | 1 |
_aJinnah, Mahomed Ali, _d1876-1948. |
|
| 700 | 1 | _aDani, Ahmad Hasan. | |
| 906 |
_a7 _bcbc _corignew _d2 _encip _f19 _gy-gencatlg |
||
| 942 |
_2ddc _cBK |
||
| 999 |
_c69963 _d69963 |
||